000
00209 a2200097 4500
001
1454
100
_a
Mcneese, D.C
245
_a
Engineering and tech handbook
260
_a
_b
Mcgrawhill
_c
090
_c
997
_d
997
942
_a
NUST-CAE
_c
M
_c
36899
999
_c
236527
_d
236527